| 000 | 00480nam a2200109Ia 4500 | ||
|---|---|---|---|
| 008 | 230320s9999||||xx |||||||||||||| ||spa|| | ||
| 082 | _aLZ-TP/300/Ch/2-P45 | ||
| 100 | _aPerú. Ministerio De Educación. Dirección General De Educación Básica Alternativa, Intercultural Billingüe Y De Servicios Educativos En El Ámbito Rural | ||
| 245 | 0 | _aWanasir Tamama, Tsapurnasshuche Yasamama 2 : Washnand Yasayni, Kirak Tarawaztamama | |
| 260 | _bMinisterio de Educación | ||
| 942 |
_80 _cLIB |
||
| 999 |
_c48885 _d48885 |
||